[Event "DDR-ch 33th"]
[Site "Eilenburg"]
[Date "1984.??.??"]
[Round "9"]
[White "Gruenberg, Hans Ulrich"]
[Black "Vogt, Lothar"]
[Result "0-1"]
[WhiteElo "2440"]
[BlackElo "2485"]

1.d4 Nf6 2.c4 g6 3.Nc3 Bg7 4.e4 d6 5.Be2 O-O 6.Nf3 e5 7.O-O Nbd7 8.d5 Nc5
9.Qc2 a5 10.Bg5 h6 11.Be3 b6 12.Nd2 Bg4 13.f3 Bd7 14.b3 Nh5 15.Rfb1 Nf4 16.Bf1 f5
17.a3 fxe4 18.fxe4 Qg5 19.Kh1 Bg4 20.b4 Nd7 21.Nb5 Rac8 22.Na7 Ra8 23.Nb5 Rac8
24.bxa5 bxa5 25.Na7 Rb8 26.Rxb8 Rxb8 27.Nc6 Rf8 28.Rb1 Qh5 29.Re1 Bf6 30.g3 Nh3
31.Qc3 Bg5 32.Bxh3 Qxh3 33.Kg1 Bf3 34.Nxf3 Rxf3 35.Qc1 Nc5 36.Bxg5 Nd3 37.Qd2 Nxe1
38.Qxe1 hxg5 39.a4 Rb3  0-1

[Event "DDR-ch 33th"]
[Site "Eilenburg"]
[Date "1984.??.??"]
[Round "12"]
[White "Starck, Bodo"]
[Black "Rossmann, Helmut"]
[Result "0-1"]
[WhiteElo "2265"]
[BlackElo "2355"]

1.d4 Nf6 2.c4 g6 3.Nc3 Bg7 4.e4 d6 5.Nf3 O-O 6.Be2 e5 7.d5 a5 8.Bg5 h6 9.Bh4 Na6
10.Nd2 Qe8 11.O-O Bd7 12.Rb1 Nh7 13.b3 h5 14.f3 Bh6 15.Bf2 Qe7 16.Kh1 f5
17.exf5 gxf5 18.a3 Kh8 19.Rg1 Rg8 20.b4 axb4 21.axb4 h4 22.c5 dxc5 23.Bxa6 Rxa6
24.bxc5 Nf6 25.Nc4 Nh5 26.Rxb7 Ng3+ 27.Bxg3 hxg3 28.h3 Qxc5 29.Qd3 Bc8 30.Rb8 Bg7
31.Nxe5 Bxe5 32.Rxc8 Qxg1+ 33.Kxg1 Ra1+ 34.Nb1 Rxc8 35.Qxf5 Rxb1+ 36.Qxb1 Ra8
37.Kf1 Ra1 38.Qxa1 Bxa1 39.f4 Kg7 40.Ke2 Bc3 41.Kf3 Be1 42.Ke4 Kf6 43.h4 Kg6
44.Ke5 Bb4 45.f5+ Kh5 46.f6 Kxh4 47.Kf5 Bd6 48.Kg6 Kg4  0-1

[Event "Hamburg op"]
[Site "Hamburg"]
[Date "1984.??.??"]
[Round "3"]
[White "Muse, Mladen"]
[Black "Iskov, Gert"]
[Result "1-0"]
[WhiteElo "2240"]
[BlackElo "2360"]

1.d4 Nf6 2.c4 g6 3.Nc3 Bg7 4.e4 d6 5.Be2 O-O 6.Nf3 Nbd7 7.O-O e5 8.Be3 h6
9.d5 Ng4 10.Bd2 f5 11.Ne1 Ngf6 12.exf5 gxf5 13.f4 exf4 14.Bxf4 Nc5 15.Nc2 Nfe4
16.Nxe4 Nxe4 17.Rb1 Bd7 18.Bf3 Ba4 19.Bxe4 fxe4 20.b3 Bd7 21.Qe1 Qf6 22.Qg3 Kh7
23.Qe3 b6 24.Rbd1 Qg6 25.Nd4 Rg8 26.Rf2 Raf8 27.Nc6 Bxc6 28.dxc6 Be5 29.Bxe5 Rf3
30.Qe2 Rxf2 31.Qxf2 dxe5 32.g3 Kh8 33.Rd7 Rg7 34.Qf8+ Rg8 35.Qe7 Qf5 36.Qf7 Qxf7
37.Rxf7 e3 38.Kf1 Rg6 39.Rxc7 Rf6+  1-0

[Event "Hamburg op"]
[Site "Hamburg"]
[Date "1984.??.??"]
[Round "3"]
[White "Haik, Aldo"]
[Black "Sieglen, Joachim"]
[Result "1/2-1/2"]
[WhiteElo "2425"]
[BlackElo "2260"]

1.d4 Nf6 2.c4 g6 3.Nc3 Bg7 4.e4 d6 5.Nf3 O-O 6.Be2 e5 7.Bg5 h6 8.Bh4 Nbd7
9.d5 g5 10.Bg3 Nh5 11.O-O Nf4 12.Re1 a5 13.Bf1 Nc5 14.Qc2 f5 15.Nd2 Nxg2
16.Bxg2 f4 17.b3 h5 18.h3 fxg3 19.fxg3 g4 20.h4 Bh6 21.Rf1 Bd7 22.Rae1 Qe7
23.Ncb1 Rxf1+ 24.Nxf1 Rf8 25.Nbd2 Qf6 26.Re2 c6 27.dxc6 bxc6 28.Nb1 Ne6 29.Rf2 Qxf2+
30.Qxf2 Rxf2 31.Kxf2 Nd4 32.Ne3 Kf7 33.Bf1 Kf6 34.Na3 Bf8 35.Nb1 Bh6 36.c5 d5
37.Nc3 Ne6 38.exd5 Nxc5 39.Nc4 e4 40.dxc6 Bxc6 41.Nxa5 e3+ 42.Ke1 Bf3 43.Nc4 Ke6
44.b4 Bg7 45.Nb1 Ne4 46.Nxe3 Nxg3 47.b5 Nxf1 48.Kxf1 Be4 49.Na3 Bd3+ 50.Kg2 Bd4
51.Nac4 Bxe3 52.Nxe3 Bxb5 53.Kg3 Ke5 54.Nd1 Bd7 55.Nc3 Kd4 56.Ne2+ Ke5 57.Kf2 Be8
58.Ke3 Bb5 59.Nc3 Bc6 60.Ne2 Bb5 61.Nf4 Be8 62.Nd3+ Kf5 63.Nf4 Ke5 64.a3 Kf5
65.Ne2 Ke5 66.Ng3 Kd5 67.Nf5 Ke5 68.Ng3 Kd5 69.Kf4 Kc4 70.Ne4 Kb3 71.Nf6 Bf7
72.Nxg4  1/2-1/2

[Event "Hamburg op"]
[Site "Hamburg"]
[Date "1984.??.??"]
[Round "4"]
[White "Schacht, Holger"]
[Black "Iskov, Gert"]
[Result "1-0"]
[WhiteElo "2275"]
[BlackElo "2360"]

1.d4 Nf6 2.c4 g6 3.Nc3 Bg7 4.e4 d6 5.Nf3 O-O 6.Be2 Nbd7 7.O-O e5 8.Re1 c6
9.Bf1 exd4 10.Nxd4 Ng4 11.Qxg4 Bxd4 12.Qd1 Qf6 13.Be3 Bxe3 14.Rxe3 Ne5 15.Qd2 Rd8
16.Rae1 Be6 17.b3 a6 18.Rg3 c5 19.f4 Nc6 20.f5 Bd7 21.Kh1 Qe5 22.Nd5 Ne7
23.fxg6 Nxg6 24.Rg5 Qd4 25.Qxd4 cxd4 26.Ne7+ Kf8 27.Nxg6+ hxg6 28.Rd5 Ke7
29.Rxd4 f6 30.Red1 Bg4 31.R1d2 b6 32.Kg1 Be6 33.g3 a5 34.a4 Rac8 35.h4 Rc5
36.Kh2 Bc8 37.Bh3 Bb7 38.g4 Re5 39.Bg2 Bc6 40.Kg3 Bb7 41.Bf3 Bc6 42.Rh2 Rg8
43.Kf2 Rh8 44.Kg3 Rg8 45.Kf2 Rh8 46.h5 gxh5 47.Rxh5 Rexh5 48.gxh5 Ke6 49.Ke3 Ke5
50.Rd2 Rg8 51.Rh2 f5 52.exf5 Rg3 53.Rf2 Rh3 54.Ke2 Bxf3+ 55.Rxf3 Rxh5 56.f6 Rh8
57.f7 Rf8 58.Ke3 d5 59.cxd5 Kxd5 60.Rf5+ Ke6 61.Ke4 Kd6 62.Kd4 Ke6 63.Rf1  1-0

[Event "Hamburg op"]
[Site "Hamburg"]
[Date "1984.??.??"]
[Round "9"]
[White "Kuligowski, Adam"]
[Black "Fette, Martin"]
[Result "1-0"]
[WhiteElo "2415"]
[BlackElo "2270"]

1.Nf3 g6 2.e4 Bg7 3.d4 d6 4.c4 Nd7 5.Nc3 e5 6.Be2 Ngf6 7.O-O O-O 8.Qc2 c6
9.Rd1 Re8 10.d5 c5 11.a3 Rf8 12.b4 Ne8 13.Rb1 h6 14.Bd3 b6 15.g3 Qe7 16.Nb5 Ndf6
17.bxc5 bxc5 18.Rb3 Kh7 19.Re1 Ng8 20.Nc3 f5 21.exf5 gxf5 22.Nh4 Qf7 23.g4 e4
24.Nxe4 Ne7  1-0

[Event "Jajce (Women)"]
[Site "Jajce"]
[Date "1984.??.??"]
[Round "?"]
[White "Muresan, Margareta"]
[Black "Veroci, Zsuzsa"]
[Result "1/2-1/2"]
[WhiteElo "2230"]
[BlackElo "2250"]

1.Nf3 Nf6 2.c4 g6 3.Nc3 Bg7 4.e4 d6 5.d4 O-O 6.Be2 Nbd7 7.O-O e5 8.Be3 h6
9.dxe5 dxe5 10.Nd2 Nh7 11.b4 f5 12.f3 Ng5 13.c5 Kh8 14.Bc4 Nf6 15.Rc1 c6
16.Qb3 f4 17.Bf2 Qe7 18.Rfd1 Ne6  1/2-1/2

[Event "JUG-ch"]
[Site "?"]
[Date "1984.??.??"]
[Round "6"]
[White "Gligoric, Svetozar"]
[Black "Djuric, Stefan"]
[Result "0-1"]
[WhiteElo "2510"]
[BlackElo "2500"]

1.d4 Nf6 2.c4 g6 3.Nc3 Bg7 4.e4 d6 5.Nf3 O-O 6.Be2 e5 7.Be3 Qe7 8.d5 Ng4
9.Bg5 f6 10.Bh4 h5 11.Nd2 a5 12.h3 Nh6 13.f3 Na6 14.g4 hxg4 15.hxg4 Nf7 16.Nb3 b6
17.Bd3 Bh6 18.Qe2 Nb4 19.Rd1 Nxd3+ 20.Qxd3 Kg7 21.Nc1 Rh8 22.Qf1 Ba6 23.b3 Rh7
24.Bf2 Rah8 25.Ke2 Qe8 26.a4 Bf4 27.Rxh7+ Rxh7 28.Nd3 Rh2 29.Qg1 Qh8 30.Rf1 Ng5
31.Nxf4 exf4 32.Nb1 Qh3 33.Nd2 Bc8 34.Ke1 Rg2  0-1

[Event "Kragujevac"]
[Site "Kragujevac"]
[Date "1984.??.??"]
[Round "1"]
[White "Portisch, Ferenc"]
[Black "Georgiev, Krum"]
[Result "1/2-1/2"]
[WhiteElo "2445"]
[BlackElo "2445"]

1.d4 Nf6 2.c4 g6 3.Nc3 Bg7 4.e4 O-O 5.Be2 d6 6.Nf3 e5 7.dxe5 dxe5 8.Qxd8 Rxd8
9.Bg5 Re8 10.O-O-O Na6 11.Ne1 Ng4 12.Bxg4 Bxg4 13.f3 Be6 14.b3  1/2-1/2

[Event "BKL-Turnier"]
[Site "Leipzig"]
[Date "1984.??.??"]
[Round "10"]
[White "Hesse, Peter"]
[Black "Knaak, Rainer"]
[Result "1/2-1/2"]
[WhiteElo "2345"]
[BlackElo "2490"]

1.d4 Nf6 2.Nf3 g6 3.c4 d6 4.Nc3 Nbd7 5.e4 e5 6.Be2 Bg7 7.O-O O-O 8.Re1 c6
9.Bf1 exd4 10.Nxd4 Ng4 11.Qxg4 Bxd4 12.Be3 Be5 13.f4 f5 14.exf5 Bxc3 15.bxc3 Nf6
16.Qh4 Bxf5 17.c5 Nd5 18.Qxd8 Rfxd8 19.Bc4 dxc5 20.Bxc5 b5 21.Bb3 Bd3 22.Rac1  1/2-1/2

[Event "White Knights"]
[Site "Leningrad"]
[Date "1984.??.??"]
[Round "?"]
[White "Kochyev, Alexander"]
[Black "Yermolinsky, Alex"]
[Result "1/2-1/2"]
[WhiteElo "2455"]
[BlackElo "2420"]

1.Nf3 Nf6 2.c4 g6 3.Nc3 Bg7 4.e4 d6 5.d4 O-O 6.Be2 e5 7.O-O exd4 8.Nxd4 Re8
9.f3 c6 10.Kh1 a6 11.Bg5 h6 12.Bh4 Nbd7 13.Rc1 Ne5 14.b4 g5 15.Bf2 b5 16.cxb5 axb5
17.Qb3 Be6 18.Nxe6 Rxe6 19.a4 bxa4 20.Nxa4 Rb8 21.Qa3 Ra8 22.Qb3 Rb8 23.Qa3  1/2-1/2

[Event "SWE-ch"]
[Site "Linkoping"]
[Date "1984.??.??"]
[Round "?"]
[White "Setterqvist, Kurt"]
[Black "Johansson, Jan"]
[Result "1-0"]
[WhiteElo "2200"]
[BlackElo "2200"]

1.Nf3 g6 2.d4 Bg7 3.c4 d6 4.Nc3 Nf6 5.e4 O-O 6.Be2 e5 7.dxe5 dxe5 8.Qxd8 Rxd8
9.Bg5 Re8 10.O-O-O h6 11.Be3 c6 12.Ne1 Ng4 13.Bxg4 Bxg4 14.f3 Be6 15.b3 Nd7
16.Nc2 Bf8 17.Rd2 Nc5 18.Kb2 a5 19.Rhd1 Kg7 20.Ne1 Be7 21.Nd3 Nxd3+ 22.Rxd3 a4
23.Nxa4 Bxc4 24.Rd7 Be2 25.R1d2 Ba6 26.Nc5 Bxc5 27.Bxc5 Rab8 28.Bb6 h5 29.h4 Rbc8
30.Ba5 Re6 31.Bc3 Kg8 32.Kc2 b6 33.Ra7 Bf1 34.Rf2  1-0

[Event "SWE-ch"]
[Site "Linkoping"]
[Date "1984.??.??"]
[Round "?"]
[White "Setterqvist, Kurt"]
[Black "Pietrusiak, Bogdan"]
[Result "1-0"]
[WhiteElo "2200"]
[BlackElo "2270"]

1.d4 Nf6 2.Nf3 g6 3.c4 Bg7 4.Nc3 d6 5.e4 O-O 6.Be2 Nbd7 7.O-O e5 8.Re1 c6
9.Bf1 exd4 10.Nxd4 Ng4 11.Qxg4 Bxd4 12.Be3 Bg7 13.Qd1 Nc5 14.Bd4 Be5 15.Qd2 Qf6
16.Rad1 g5 17.Qe3 Qe7 18.g3 g4 19.Rd2 a5 20.Red1 Ne6 21.Ne2 Ng5 22.Bg2 Be6
23.Rc2 f5 24.Qc3 fxe4 25.Bxe5 dxe5 26.Qxe5 Rae8 27.Nf4 Bf5 28.Qxa5 Nf3+ 29.Bxf3 exf3
30.Rcc1 Ra8 31.Qc3 Rxa2 32.Re1 Qf6 33.Re5 Bg6 34.Rce1 Raa8 35.Qe3 Bf7 36.Qc3 Rad8
37.h3 h5 38.h4 Kg7 39.Rg5+  1-0

[Event "SWE-ch"]
[Site "Linkoping"]
[Date "1984.??.??"]
[Round "?"]
[White "Ornstein, Axel"]
[Black "Hammar, Bengt"]
[Result "1-0"]
[WhiteElo "2405"]
[BlackElo "2375"]

1.d4 Nf6 2.c4 g6 3.Nc3 Bg7 4.e4 d6 5.Nf3 O-O 6.Be2 e5 7.O-O Nbd7 8.Be3 Ng4
9.Bg5 f6 10.Bc1 Nh6 11.Rb1 Nf7 12.b4 f5 13.dxe5 dxe5 14.b5 Re8 15.exf5 gxf5
16.Nd5 c6 17.bxc6 bxc6 18.Ne3 Qf6 19.Bb2 f4 20.Ng4 Qg6 21.h3 e4 22.Bxg7 exf3
23.Bxf3 Kxg7 24.Qd4+ Kg8 25.Qxf4 h5 26.Rfe1 Rf8 27.Be4 Qg7 28.Bxc6 hxg4 29.Bxa8 gxh3
30.Rb3 Nh6 31.Qg3 hxg2 32.Re7 Nf7 33.Bd5 Nb6 34.Qxg7+ Kxg7 35.Rg3+ Kf6 36.Rxf7+ Rxf7
37.Rf3+  1-0

[Event "London P&D Knights"]
[Site "London"]
[Date "1984.??.??"]
[Round "5"]
[White "McKay, Roderick M"]
[Black "Britton, Richard"]
[Result "1/2-1/2"]
[WhiteElo "2355"]
[BlackElo "2310"]

1.d4 Nf6 2.c4 g6 3.Nc3 Bg7 4.e4 d6 5.Be2 O-O 6.Nf3 e5 7.dxe5 dxe5 8.Qxd8 Rxd8
9.Bg5 Re8 10.O-O-O Na6 11.Nd2 Be6 12.Nb3 b6 13.f3 Nd7 14.Rd2 f6 15.Be3 Kf7
16.Rhd1 Ndc5 17.Nxc5 Nxc5 18.b4 Nb7 19.c5 c6 20.Ba6 Rab8 21.Na4 Bf8 22.Rb2 bxc5
23.Bxb7 Rxb7 24.Nxc5 Bxc5 25.Bxc5  1/2-1/2

[Event "Lvov"]
[Site "Lvov"]
[Date "1984.??.??"]
[Round "1"]
[White "Eingorn, Vereslav S"]
[Black "Vaganian, Rafael A"]
[Result "1/2-1/2"]
[WhiteElo "2475"]
[BlackElo "2630"]

1.Nf3 Nf6 2.c4 g6 3.Nc3 Bg7 4.e4 d6 5.d4 O-O 6.Be2 e5 7.O-O exd4 8.Nxd4 Re8
9.f3 c6 10.Kh1 Na6 11.Bg5 h6 12.Be3 d5 13.cxd5 cxd5 14.Bxa6 bxa6 15.e5 Nd7
16.f4 Nb6 17.b3 Bb7 18.Rc1 Rc8 19.Qg4 Qd7 20.Qg3 Kh7 21.Nce2 a5 22.a4 Ba6
23.Rxc8 Nxc8 24.Rc1 Ne7 25.Qe1 Rb8 26.Ng3 Rb4 27.Qf2 Rb6 28.Qc2 Rb8 29.Qc7 Qxc7
30.Rxc7 Rb7 31.Rxb7 Bxb7 32.Nb5 Nc6 33.Ne2 g5 34.fxg5 hxg5 35.Bxg5 Bxe5 36.Be3 Kg6
37.Ned4 Nxd4 38.Nxd4 a6 39.Kg1 Bc8 40.Kf2 Bxd4 41.Bxd4 Bf5 42.Bc3 Bc2 43.Bxa5 Bxb3
44.Bc3 Bxa4 45.g4 Bd1 46.Kg3 f5 47.h3 fxg4 48.hxg4 Kg5 49.Kf2 Kf4 50.Ke1 Bxg4
51.Kd2 Ke4 52.Kc1 Kd3 53.Kb2  1/2-1/2

[Event "Bayern-ch"]
[Site "Marktredwitz"]
[Date "1984.??.??"]
[Round "?"]
[White "Kestler, Hans Guenther"]
[Black "Scheipl, Ralf"]
[Result "1-0"]
[WhiteElo "2410"]
[BlackElo "2325"]

1.c4 g6 2.d4 Bg7 3.Nc3 Nf6 4.e4 O-O 5.Nf3 d6 6.Be2 e5 7.O-O Nbd7 8.Re1 c6
9.Bf1 a5 10.Rb1 exd4 11.Nxd4 Re8 12.Bg5 Nc5 13.f3 Qc7 14.Qd2 Nfd7 15.Rbd1 Bxd4+
16.Qxd4 Ne6 17.Qe3 Nxg5 18.Qxg5 Qb6+ 19.Qe3 Qxb2 20.Rxd6 Qa3 21.Qd4 Nf8 22.e5 Be6
23.Rb1 Reb8 24.c5 a4 25.Bc4 Ra5 26.Ne4 b5 27.Bxe6 Nxe6 28.Qd2 Rba8 29.Rd3  1-0

[Event "Moscow-ch"]
[Site "Moscow"]
[Date "1984.??.??"]
[Round "?"]
[White "Naumkin, Igor"]
[Black "Belov, Lev A"]
[Result "0-1"]
[WhiteElo "2325"]
[BlackElo "2385"]

1.d4 Nf6 2.c4 g6 3.Nc3 Bg7 4.e4 d6 5.Nf3 O-O 6.Be2 e5 7.d5 a5 8.Bg5 h6 9.Bh4 Na6
10.Nd2 Qe8 11.O-O Nh7 12.a3 Bd7 13.b3 f5 14.exf5 Bxf5 15.g4 e4 16.Rc1 e3
17.gxf5 exd2 18.Qxd2 Nc5 19.Qd1 Rxf5 20.Bg4 Rf4 21.Re1 Qxe1+ 22.Qxe1 Rxg4+
23.Bg3 Ng5 24.Qe2 h5 25.Nb5 Rf8 26.Nxc7 Nce4 27.Rf1 Nh3+ 28.Kh1 Bd4 29.Ne6 Rxf2
30.Rxf2 Nhxf2+ 31.Kg2 Be5 32.Qf3 Bf6 33.Qe3 h4 34.Qh6 hxg3 35.Qf8+ Kh7 36.Qf7+ Kh6
37.h3 Nxh3 38.Qf8+ Kh5 39.Kxh3 g2 40.Nf4+ Rxf4 41.Kxg2 Be5  0-1

[Event "Moscow-ch"]
[Site "Moscow"]
[Date "1984.??.??"]
[Round "?"]
[White "Naumkin, Igor"]
[Black "Kuzmin, Alexey"]
[Result "1-0"]
[WhiteElo "2325"]
[BlackElo "2365"]

1.d4 Nf6 2.c4 g6 3.Nc3 Bg7 4.e4 O-O 5.Nf3 d6 6.Be2 e5 7.d5 Nbd7 8.O-O Nc5
9.Qc2 a5 10.Bg5 h6 11.Be3 b6 12.Nd2 Bg4 13.f3 Bd7 14.b3 Nh5 15.a3 Nf4 16.Kh1 f5
17.Rfe1 Nxe2 18.Rxe2 f4 19.Bg1 g5 20.Rb1 g4 21.b4 Nb7 22.fxg4 Bxg4 23.Nf3 Qe7
24.Qd3 Kh8 25.Rc2 Rf7 26.Nb5 axb4 27.axb4 Bf8 28.Rbb2 Rg7 29.Ra2 Qe8 30.Nc3 Rb8
31.Ra7 Qg6 32.Rca2 Be7 33.Qf1 Bf6 34.Ra8 Rxa8 35.Rxa8+ Kh7 36.Ra7 Nd8 37.c5 bxc5
38.bxc5 dxc5 39.Bxc5 c6 40.Ra6 Bd7 41.Bf8 Rf7 42.Bb4 Qh5 43.Ba5 Bc8 44.Ra8 Bb7
45.Rb8 Rd7 46.Bxd8 Bxd8 47.Qb1 Ba6 48.Ra8 Bc4 49.dxc6 Rd3 50.Nd5 Rxf3 51.Rxd8 Bxd5
52.exd5+ Qg6 53.Qxg6+  1-0

[Event "Moscow-ch"]
[Site "Moscow"]
[Date "1984.??.??"]
[Round "?"]
[White "Belov, Lev A"]
[Black "Kremenietsky, Anatoly M"]
[Result "0-1"]
[WhiteElo "2385"]
[BlackElo "2410"]

1.Nf3 Nf6 2.c4 d6 3.d4 g6 4.Nc3 Bg7 5.e4 O-O 6.Be2 e5 7.Be3 Nbd7 8.O-O c6
9.d5 c5 10.Ne1 Ne8 11.g4 Kh8 12.Ng2 Ndf6 13.Kh1 Ng8 14.Qd2 Bd7 15.f4 exf4
16.Bxf4 Qe7 17.Rae1 Nc7 18.Bd1 Be5 19.a4 Kg7 20.Rf2 f6 21.Ref1 a6 22.a5 Rab8
23.Ne1 Bd4 24.Rg2 b5 25.axb6 Rxb6 26.Nf3 Be5 27.Be3 g5 28.Nxe5 Qxe5 29.Bf2 Nh6
30.Bg3 Qe7 31.h3 Nf7 32.Rgf2 Ne5 33.b3 Rbb8 34.Bh2 h5 35.gxh5 Bxh3 36.Rg1 Kh7
37.Qc2 Bd7 38.Be2 Rg8 39.Nd1 Rb7 40.Ne3 Ne8 41.Nf5 Bxf5 42.Rxf5 Ng7 43.Rff1 Rgb8
44.Rg3 Ne8 45.Bd1 a5 46.Qf2 Kh8 47.Rc3 Qh7 48.Re1 Re7 49.Qg2 a4 50.bxa4 Rb1
51.Qc2 Reb7 52.Bxe5 dxe5 53.Qf2 Kg7 54.Rh3 R7b2 55.Qxc5 Kg8 56.Qg1 Rxd1 57.Qe3 Rxe1+
58.Qxe1 Nd6 59.c5 Nxe4  0-1

[Event "Moscow-ch"]
[Site "Moscow"]
[Date "1984.??.??"]
[Round "?"]
[White "Kishnev, Sergey"]
[Black "Kuzmin, Alexey"]
[Result "0-1"]
[WhiteElo "2260"]
[BlackElo "2365"]

1.d4 Nf6 2.c4 g6 3.Nc3 Bg7 4.e4 d6 5.Nf3 O-O 6.Be2 e5 7.d5 a5 8.Be3 Ng4 9.Bg5 f6
10.Bh4 Na6 11.Nd2 Nh6 12.a3 Bd7 13.Rb1 Nc5 14.b4 axb4 15.axb4 Na4 16.Nxa4 Bxa4
17.Qc1 g5 18.Bg3 Bd7 19.O-O f5 20.f3 g4 21.fxg4 f4 22.Bf2 Nxg4 23.Bxg4 Bxg4
24.Nf3 Kh8 25.Ra1 Rxa1 26.Qxa1 Rg8 27.Re1 Bf6 28.Kh1 Qe8 29.Qa3 Qg6 30.Nh4 Bxh4
31.Bxh4 Rf8 32.Bf2 f3 33.g3 Qh6 34.Qc1 Qh3 35.Rg1 Rg8 36.Qd2 Rg6 37.Be3 Rf6
38.Qf2 Bh5 39.Bg5 Rf7 40.g4 Bxg4 41.Bh4 h6 42.Bg3 Kh7 43.c5 Bh5 44.b5 b6
45.cxb6 cxb6 46.Bh4 Bg6 47.Bd8 Bxe4 48.Bxb6 Qf5 49.Be3 Bxd5 50.Bxh6 Kxh6
51.Qd2+ Kh7 52.Qxd5 f2 53.Rf1 e4 54.Qb3 e3  0-1

[Event "Moscow-ch"]
[Site "Moscow"]
[Date "1984.??.??"]
[Round "?"]
[White "Belov, Lev A"]
[Black "Vasiukov, Evgeni"]
[Result "1/2-1/2"]
[WhiteElo "2385"]
[BlackElo "2460"]

1.Nf3 Nf6 2.c4 g6 3.Nc3 Bg7 4.e4 d6 5.d4 O-O 6.Be2 Nbd7 7.O-O e5 8.Be3 Ng4
9.Bg5 f6 10.Bc1 Kh8 11.dxe5 Ngxe5 12.Nd4 Nb6 13.f4 Nexc4 14.b3 Na5 15.f5 Nc6
16.Be3 Nxd4 17.Bxd4 gxf5 18.exf5 c5 19.Bf2 Bxf5 20.Bg3 Bg6 21.Bxd6 Rf7 22.Bxc5 Rd7
23.Qe1 Rc8 24.b4 f5 25.Rc1 a6  1/2-1/2

[Event "Naleczow"]
[Site "Naleczow"]
[Date "1984.??.??"]
[Round "?"]
[White "Gross, Stefan"]
[Black "Nicevski, Risto"]
[Result "1-0"]
[WhiteElo "2425"]
[BlackElo "2390"]

1.d4 Nf6 2.c4 g6 3.Nc3 Bg7 4.e4 O-O 5.Nf3 d6 6.Be2 e5 7.Be3 Qd7 8.d5 Ng4
9.Bd2 f5 10.Ng5 Qe7 11.exf5 gxf5 12.Bxg4 fxg4 13.Nge4 Na6 14.Qe2 Bf5 15.O-O Nc5
16.Nxc5 dxc5 17.Ne4 b6 18.Rad1 Qh4 19.Bc1 Rae8 20.d6 cxd6 21.Rxd6 Rd8 22.Rxd8 Qxd8
23.Rd1 Qe8 24.Nd6 Qe6 25.Nb5 Qf7 26.Be3 Be6 27.b3 h5 28.Qd3 h4 29.Qd6 Qf5
30.Nc7 Bf7 31.Nd5 Qc2 32.Ne7+ Kh8 33.Bh6 Qh7 34.Bxg7+ Qxg7 35.Nf5 Qg8 36.Qf6+  1-0

[Event "Naleczow"]
[Site "Naleczow"]
[Date "1984.??.??"]
[Round "?"]
[White "Stempin, Pawel"]
[Black "Nicevski, Risto"]
[Result "1-0"]
[WhiteElo "2415"]
[BlackElo "2390"]

1.d4 g6 2.c4 d6 3.Nc3 Bg7 4.Nf3 Nd7 5.e4 e5 6.Be2 Ngf6 7.O-O O-O 8.Be3 c6
9.Qc2 Ng4 10.Bg5 f6 11.Bh4 Nh6 12.dxe5 dxe5 13.b4 a5 14.a3 Qe7 15.c5 Re8
16.Nd2 axb4 17.axb4 Rxa1 18.Rxa1 b6 19.cxb6 Nxb6 20.Na2 Bd7 21.f3 Bf8 22.Nb3 Nf7
23.Nc5 Ra8 24.Nxd7 Qxd7 25.Bf2 Qb7 26.Rb1 Nd6 27.Nc3 Kg7 28.Qb3 Nbc8 29.Na4 Qf7
30.Qc2 Qe8 31.Nc5 Nb5 32.Qb2 Ncd6 33.Ra1 Rxa1+ 34.Qxa1 Nf7 35.Bc4 Ng5 36.Qa6 Nd4
37.Bxd4 exd4 38.Qb7+ Be7 39.h4 Nf7 40.Ne6+ Kh8 41.Nxd4 Ne5 42.Bb3 c5 43.Ba4 Qf7
44.Qc8+ Qg8 45.Qc7 Bf8 46.bxc5 Qc4 47.Qd8 Kg7 48.Bb3 Qxc5 49.Kh1 Be7 50.Ne6+ Kh6
51.Qd2+  1-0

[Event "Neskaupstad"]
[Site "Neskaupstad"]
[Date "1984.??.??"]
[Round "?"]
[White "Knezevic, Milorad"]
[Black "Lombardy, William James"]
[Result "1/2-1/2"]
[WhiteElo "2450"]
[BlackElo "2505"]

1.d4 Nf6 2.Nf3 g6 3.c4 Bg7 4.Nc3 O-O 5.e4 d6 6.Be2 Nbd7 7.O-O e5 8.Bg5 h6
9.Bh4 g5 10.Bg3 Nh5 11.dxe5  1/2-1/2

[Event "New York op"]
[Site "New York"]
[Date "1984.??.??"]
[Round "2"]
[White "Frias, Victor J"]
[Black "Popovych, Orest"]
[Result "1-0"]
[WhiteElo "2425"]
[BlackElo "2260"]

1.Nf3 Nf6 2.d4 g6 3.c4 Bg7 4.Nc3 O-O 5.e4 d6 6.Be2 Nbd7 7.O-O e5 8.Re1 c6
9.Bf1 exd4 10.Nxd4 Re8 11.Nc2 Ne5 12.Rb1 Be6 13.Ne3 Nfg4 14.Nxg4 Nxg4 15.Bf4 Qb6
16.Qd2 Rad8 17.Bg3 Rd7 18.Nd5 Qd8 19.Nf4 Bh6 20.Qd4 a6 21.Rbd1 Qa5 22.h3 Bg7
23.Qd2 Qxd2 24.Rxd2 Nf6 25.f3 g5 26.Nxe6 Rxe6 27.Red1 Nh5 28.Bxd6 Bxb2 29.c5 Bc3
30.Rd3 Be5 31.Rb1 Bxd6 32.cxd6 b5 33.Rbd1 Ng7 34.g3 Ne8 35.h4 Rexd6 36.hxg5 Rxd3
37.Bxd3 c5 38.Kf2 c4 39.Bc2 Rxd1 40.Bxd1 Nc7 41.Ke3 Ne6 42.f4 Kf8 43.e5 Ke7
44.Bc2 b4 45.Bxh7 a5 46.Bc2 Nc5 47.Kd4 b3 48.Bb1 bxa2 49.Bxa2 Nb3+ 50.Kxc4 Nc1
51.Bb3 Ne2 52.Kb5 Nxg3 53.Kxa5 Ne2 54.f5 Nd4 55.f6+ Kf8 56.Bd5 Nf5 57.Kb6 Nd4
58.Kc5 Nf5 59.Be4 Ng3 60.Bd3 Nh5 61.Kd6 Nf4 62.Bf5 Nh5 63.e6 fxe6 64.Bxe6 Nf4
65.Bf5 Nh5 66.Ke5 Kg8 67.g6 Kh8 68.Bg4  1-0

[Event "New York op"]
[Site "New York"]
[Date "1984.??.??"]
[Round "3"]
[White "Olafsson, Helgi"]
[Black "Lombardy, William James"]
[Result "1/2-1/2"]
[WhiteElo "2445"]
[BlackElo "2505"]

1.d4 Nf6 2.c4 g6 3.Nc3 Bg7 4.e4 d6 5.Be2 O-O 6.Nf3 e5 7.dxe5 dxe5 8.Qxd8 Rxd8
9.Bg5 Re8 10.Nd5 Nxd5 11.cxd5 c6 12.Bc4 cxd5 13.Bxd5 Nc6 14.O-O-O Nd4 15.Nxd4 exd4
16.Kb1 Be6 17.Bxb7 Rab8 18.Bd5 Bxd5 19.exd5 Rb5 20.Rhe1 Reb8 21.Bc1 Rxd5
22.Rd3 Rd7 23.Re2 h5 24.b3 Rc8 25.Bb2 Kh7 26.h3 Kg8 27.Ba3  1/2-1/2

[Event "New York op"]
[Site "New York"]
[Date "1984.??.??"]
[Round "4"]
[White "Wells, Peter K"]
[Black "Schroer, Jonathan"]
[Result "0-1"]
[WhiteElo "2320"]
[BlackElo "2315"]

1.d4 Nf6 2.c4 g6 3.Nc3 Bg7 4.e4 d6 5.Be2 O-O 6.Nf3 e5 7.Be3 h6 8.h3 exd4
9.Bxd4 Re8 10.Nd2 Na6 11.Be3 Nc5 12.Qc2 Qe7 13.Bxc5 dxc5 14.O-O-O c6 15.f4 Rb8
16.e5 Nh7 17.Nf3 Nf8 18.g3 Bd7 19.Bd3 Ne6 20.Qf2 b5 21.Ne4 Rf8 22.Rhe1 a5
23.f5 gxf5 24.Nd6 Ng5 25.Bxf5 Be6 26.h4 Nxf3 27.Qxf3 bxc4 28.Bb1 f5 29.g4 fxg4
30.Qe4 Rf2 31.Re2 Qxh4 32.Rxf2 Qxf2 33.Bc2 g3 34.Rd2 Qf1+ 35.Rd1 g2 36.Qg6 Qf4+
37.Rd2 Qxe5 38.Qxg2 Qxb2+ 39.Kd1 Qa1+ 40.Ke2 Qe5+ 41.Ne4 c3 42.Rd3 Bc4  0-1

[Event "New York op"]
[Site "New York"]
[Date "1984.??.??"]
[Round "5"]
[White "Schroer, Jonathan"]
[Black "Popovych, Orest"]
[Result "0-1"]
[WhiteElo "2315"]
[BlackElo "2260"]

1.d4 Nf6 2.Nf3 g6 3.c4 Bg7 4.Nc3 O-O 5.e4 d6 6.Be2 Nbd7 7.O-O e5 8.Qc2 c6
9.Rd1 Qc7 10.b3 Re8 11.Rb1 a5 12.d5 cxd5 13.Nb5 Qb8 14.cxd5 Nc5 15.b4 axb4
16.Rxb4 Nfxe4 17.Rxe4 Bf5 18.Nd2 Bh6 19.f3 Be3+ 20.Kh1 Bxd2 21.Bxd2 Rc8 22.Qb1 Ra4
23.Bb4 b6 24.a3 Ra8 25.Rf1 Rf8 26.Nc3 Qd8 27.Qc1 Bxe4 28.fxe4 Kg7 29.Qe3 Ra7
30.Bb5 f5 31.h3 f4 32.Qf3 h5 33.Bc6 Kh6 34.Nb5 Rg7 35.g4 hxg4 36.hxg4 Rh7
37.Kg2 Kg7 38.Kf2 Rh2+ 39.Ke1 Qh4+ 40.Kd1 Rh3 41.Qg2 f3 42.Qf2 Qxf2 43.Rxf2 Rh1+
44.Kc2 Nxe4 45.Nxd6 Nxf2 46.Ne8+ Rxe8 47.Bxe8 Nxg4  0-1

[Event "New York op"]
[Site "New York"]
[Date "1984.??.??"]
[Round "6"]
[White "Frias, Victor J"]
[Black "Spraggett, Kevin"]
[Result "1/2-1/2"]
[WhiteElo "2420"]
[BlackElo "2540"]

1.d4 Nf6 2.c4 g6 3.Nc3 Bg7 4.e4 d6 5.Nf3 O-O 6.Be2 e5 7.O-O Nbd7 8.Re1 h6
9.Rb1 Nh7 10.Be3 f5 11.dxe5 dxe5 12.Qd5+ Kh8 13.Red1 Qe8 14.c5 c6 15.Qd6 f4
16.Bd2 g5 17.h3 h5 18.Be1 g4 19.hxg4 hxg4 20.Nh2 Ndf6 21.Rd3 Ng5 22.Rbd1 Nfxe4
23.Nxe4 Nxe4 24.Qc7 Qg6 25.Nxg4 Bxg4 26.Bxg4 Qxg4 27.Rh3+ Kg8 28.f3 Qg6 29.fxe4 Qxe4
30.Qxb7 Rfd8 31.Qb3+ Kf8 32.Kh2 Rab8 33.Rxd8+ Rxd8 34.Ba5 Re8 35.Bc7 Qd5
36.Bd6+ Kg8 37.Qc2 e4 38.Bxf4 Rf8 39.Bd6 Rf1 40.Qe2 Rf5 41.Qg4 Rg5 42.Qc8+ Kf7
43.Qd7+ Kg6 44.Qe8+ Kf5 45.Rh5 Kg4 46.Rxg5+ Kxg5 47.b3 Qf5 48.Qd8+ Kh5 49.Qg8 Kh6
50.Qc4 Qh5+ 51.Kg3 Qg5+ 52.Kf2 Qd2+ 53.Kg3 Qg5+ 54.Kf2 Qd2+ 55.Kg3  1/2-1/2

[Event "New York op"]
[Site "New York"]
[Date "1984.??.??"]
[Round "7"]
[White "Spraggett, Kevin"]
[Black "Watson, John L"]
[Result "1/2-1/2"]
[WhiteElo "2540"]
[BlackElo "2420"]

1.c4 Nf6 2.Nc3 g6 3.e4 d6 4.d4 Bg7 5.Nf3 O-O 6.Be2 Nbd7 7.O-O e5 8.Qc2 c6
9.Be3 Ng4 10.Bg5 f6 11.Bd2 exd4 12.Nxd4 Nc5 13.Nb3 Nxb3 14.Qxb3 f5 15.h3 Ne5
16.f4 Nd7 17.c5+ Kh8 18.cxd6 Nc5 19.Qc4 Nxe4 20.Nxe4 fxe4 21.Rad1 Re8 22.Be3 Be6
23.Qb4 Qd7 24.g4 b6 25.a4 Rab8 26.Rd2 a5 27.Qa3 Red8 28.b4 Rb7 29.Rc1 h5
30.gxh5 gxh5 31.Bxh5 axb4 32.Qxb4 Bd5 33.Bg4 Qxd6 34.Qxd6 Rxd6 35.Rb1 b5
36.Bc5 Rf6 37.axb5 Rxf4 38.b6 Bh6 39.Re2 Rf8 40.Ra1 Rfb8 41.Ra7 Rxb6 42.Bxb6 Rxb6
43.Kg2 Bf4 44.Ra3 Rb8 45.h4 e3+ 46.Kh3 Rb1 47.Bh5 Rg1 48.Raxe3 Bxe3  1/2-1/2